| 000 | 00458nam a2200157Ia 4500 | ||
|---|---|---|---|
| 008 | 210210b2003 xxu||||| |||| 00| 0 eng d | ||
| 020 | _a81 204 1606 6 | ||
| 082 | _a581.5 KRIA | ||
| 100 | _aKRISHNAMURTHY (K V). | ||
| 245 | _aAdvanced textbook on biodiversity principles and practice. | ||
| 260 |
_aND _bOxford & IBH Publishing Co Pvt Ltd _c2003 |
||
| 300 | _axv,260 | ||
| 650 | _aPlant ecology biodiversity | ||
| 690 | _aPlant Ecology | ||
| 906 | _a059271 | ||
| 999 |
_c106525 _d106525 |
||